[Event "Bryansk Zilberstein Memorial 6th"]
[Site "Bryansk"]
[Date "2024.06.07"]
[Round "4"]
[White "Novozhilov, Semen"]
[Black "Mariukov, Aleksei"]
[Result "1-0"]
[WhiteElo "2288"]
[BlackElo "2037"]
[PlyCount "85"]
[EventDate "2024.06.07"]
[EventType "swiss (rapid)"]
[EventRounds "11"]
[EventCountry "RUS"]
[SourceTitle "CBM 220 Extra"]
[Source "ChessBase"]
[SourceDate "2024.07.31"]
[SourceVersion "1"]
[SourceVersionDate "2024.07.31"]
[SourceQuality "1"]

1. d4 d5 2. c4 c6 3. Nf3 Nf6 4. e3 Bg4 5. h3 Bh5 6. g4 Bg6 7. Ne5 Nfd7 8. Nxg6 hxg6 9. Nc3 e6 10. Bg2 dxc4 11. 0-0 Be7 12. Qe2 Nb6 13. Rd1 N8d7 14. e4 Qc7 15. f4 0-0-0 16. Be3 f6 17. b3 e5 18. fxe5 fxe5 19. d5 cxb3 20. axb3 Kb8 21. Qa2 a6 22. Rac1 Bc5 23. Bxc5 Nxc5 24. b4 Ncd7 25. d6 Qc8 26. Nd5 cxd5 27. Rxc8+ Rxc8 28. exd5 Rc4 29. Qb1 Rhc8 30. Bf1 Rc2 31. Qa1 Rf8 32. Rc1 Rd2 33. b5 a5 34. Qxa5 Rff2 35. Qc3 Ra2 36. Ra1 Nxd5 37. Qg3 Rxa1 38. Qxf2 Nf4 39. Kh2 Rd1 40. Qh4 Rd2+ 41. Kg1 Rxd6 42. Qd8+ Ka7 43. b6+ 1-0